[Event "52nd Groningen Open"]
[Site "Groningen NED"]
[Date "2014.12.23"]
[Round "3.5"]
[White "Wan, Yunguo"]
[Black "Vocaturo, Daniele"]
[Result "1/2-1/2"]
[WhiteTitle "IM"]
[BlackTitle "GM"]
[WhiteElo "2482"]
[BlackElo "2590"]
[WhiteFideId "8603189"]
[BlackFideId "813192"]
[EventDate "2014.12.21"]

1. e4 e5 2. Nf3 Nc6 3. d4 exd4 4. Nxd4 Bc5 5. Nb3 Bb6 6. Nc3 Nf6 7. Bg5 h6 8.
Bh4 O-O 9. Qd2 Nxe4 10. Qf4 Qe8 11. Qxe4 Qxe4+ 12. Nxe4 Re8 13. f3 d5 14. Nd2
dxe4 15. fxe4 Nb4 16. Bd3 Bd7 17. Rf1 g5 18. Bf2 Nxd3+ 19. cxd3 Bb5 20. Bxb6
axb6 21. Rf3 Red8 22. Ke2 Rxd3 23. Rxd3 Rd8 24. a4 Bxd3+ 25. Ke3 f5 26. exf5
Bxf5 27. a5 Rd3+ 28. Ke2 Rd6 29. Rc1 Re6+ 30. Kf3 bxa5 31. Rxc7 b6 32. Nc4 Be4+
33. Kf2 Rf6+ 34. Kg3 Bd5 35. Ne3 Bf7 36. Rb7 Kf8 37. h4 gxh4+ 38. Kxh4 Ke8 39.
g4 Kd8 40. g5 Re6 41. gxh6 Rxh6+ 42. Kg5 Re6 43. Nc4 Re7 44. Rxe7 Kxe7 45. Nxb6
Kd6 46. Kf4 Kc5 47. Ke3 Kxb6 48. b3 Kc5 49. Kd2 Kb4 50. Kc2 Ka3 51. Kb1 Bg6+ 52.
Ka1 Bc2 53. b4 axb4 1/2-1/2

[Event "52nd Groningen Open"]
[Site "Groningen NED"]
[Date "2014.12.23"]
[Round "3.6"]
[White "Bok, Benjamin"]
[Black "Nakar, Eylon"]
[Result "1/2-1/2"]
[WhiteTitle "GM"]
[BlackTitle "IM"]
[WhiteElo "2572"]
[BlackElo "2419"]
[WhiteFideId "1017063"]
[BlackFideId "2811111"]
[EventDate "2014.12.21"]

1. e4 e6 2. d4 d5 3. Nc3 Bb4 4. e5 c5 5. a3 Bxc3+ 6. bxc3 Ne7 7. h4 Qc7 8. Nf3
b6 9. Bb5+ Bd7 10. Bd3 Nbc6 11. O-O c4 12. Be2 f6 13. Bf4 Ng6 14. Bg3 fxe5 15.
Re1 O-O 16. Bf1 Rf5 17. dxe5 Raf8 18. Nd4 Nxd4 19. Qxd4 Nf4 20. Bh2 Ng6 21. Bg3
Nf4 22. Bh2 Ng6 1/2-1/2

[Event "52nd Groningen Open"]
[Site "Groningen NED"]
[Date "2014.12.23"]
[Round "3.7"]
[White "Koop, Thorben"]
[Black "Ernst, Sipke"]
[Result "1-0"]
[WhiteTitle "FM"]
[BlackTitle "GM"]
[WhiteElo "2396"]
[BlackElo "2553"]
[WhiteFideId "24661619"]
[BlackFideId "1004689"]
[EventDate "2014.12.21"]

1. d4 Nf6 2. Nf3 d5 3. c4 c6 4. Qb3 dxc4 5. Qxc4 Bg4 6. Nc3 Nbd7 7. e4 Bxf3 8.
gxf3 e5 9. Be3 exd4 10. Bxd4 Bd6 11. O-O-O Qe7 12. Be3 Nb6 13. Qe2 Be5 14. Qc2
O-O 15. Bd3 Nh5 16. Ne2 Qf6 17. Rhg1 g6 18. Kb1 Rfe8 19. Rg5 Bf4 20. Rxh5 Bxe3
21. fxe3 gxh5 22. f4 Kh8 23. Ng3 Nd7 24. e5 Qe7 25. Nf5 Qc5 26. Bc4 Nxe5 27.
fxe5 b5 28. Bb3 Qxc2+ 29. Bxc2 Rxe5 30. Rd7 1-0

[Event "52nd Groningen Open"]
[Site "Groningen NED"]
[Date "2014.12.23"]
[Round "3.8"]
[White "Baskin, Robert"]
[Black "Werle, Jan"]
[Result "1/2-1/2"]
[BlackTitle "GM"]
[WhiteElo "2287"]
[BlackElo "2531"]
[WhiteFideId "24662402"]
[BlackFideId "1006088"]
[EventDate "2014.12.21"]

1. e4 c5 2. Nf3 e6 3. d4 cxd4 4. Nxd4 Nc6 5. Nc3 Qc7 6. Be2 a6 7. O-O Nf6 8. Be3
Bb4 9. Na4 Be7 10. Nxc6 bxc6 11. Nb6 Rb8 12. Nxc8 Qxc8 13. Bd4 c5 14. Be5 Rb6
15. Qd3 O-O 16. b3 d6 17. Bb2 Qc7 18. Rad1 Nd7 19. f4 Re8 20. c4 Bf8 21. e5 Nb8
22. Bf3 Qa7 23. Be4 h6 24. f5 dxe5 25. Bxe5 exf5 26. Bxb8 Qxb8 27. Rxf5 g6 28.
Rf3 f5 29. Bd5+ Kh8 30. Re3 Bg7 31. Re2 Rxe2 32. Qxe2 Bd4+ 33. Kh1 Qe5 34. Qxe5+
Bxe5 35. Re1 Bd4 36. Re7 f4 37. Rf7 Rf6 38. Rxf6 Bxf6 39. Kg1 Bd4+ 40. Kf1 Kg7
41. Ke2 Kf6 42. Kd3 Ke5 43. Be4 g5 44. Bf3 Bg1 1/2-1/2

[Event "52nd Groningen Open"]
[Site "Groningen NED"]
[Date "2014.12.23"]
[Round "3.9"]
[White "Brandenburg, Daan"]
[Black "Mohammad, Nubairshah Shaikh"]
[Result "1-0"]
[WhiteTitle "GM"]
[WhiteElo "2530"]
[BlackElo "2275"]
[WhiteFideId "1011014"]
[BlackFideId "5053196"]
[EventDate "2014.12.21"]

1. e4 c6 2. d4 d5 3. e5 c5 4. dxc5 e6 5. a3 Nc6 6. Nf3 Bxc5 7. b4 Bb6 8. Bb2
Nge7 9. Bd3 Ng6 10. g3 f5 11. O-O O-O 12. Qe2 Bc7 13. b5 Na5 14. Nbd2 a6 15. a4
axb5 16. axb5 Bd7 17. Rfd1 Qb8 18. Bd4 b6 19. Rab1 Rd8 20. c4 dxc4 21. Nxc4 h6
22. Nxa5 Rxa5 23. Bc4 Kf7 24. Bc3 Ra8 25. Rxd7+ Rxd7 26. Bxe6+ Kxe6 27. Qc4+ Ke7
28. Bb4+ Rd6 29. Rd1 Kf8 30. exd6 Bd8 31. Qe6 Ra4 32. d7+ Ne7 33. Ne5 1-0

[Event "52nd Groningen Open"]
[Site "Groningen NED"]
[Date "2014.12.23"]
[Round "3.10"]
[White "Kerigan, Demre"]
[Black "Donchenko, Alexander"]
[Result "0-1"]
[WhiteTitle "FM"]
[BlackTitle "IM"]
[WhiteElo "2277"]
[BlackElo "2523"]
[WhiteFideId "6307841"]
[BlackFideId "24603295"]
[EventDate "2014.12.21"]

1. e4 c5 2. Nf3 d6 3. Bb5+ Bd7 4. Bxd7+ Qxd7 5. O-O Nf6 6. Qe2 Nc6 7. c3 e6 8.
d4 cxd4 9. cxd4 d5 10. e5 Ne4 11. Rd1 Rc8 12. Be3 Be7 13. Ne1 f6 14. f3 Ng5 15.
Nd3 fxe5 16. dxe5 O-O 17. Nd2 b6 18. f4 Nf7 19. Nf3 Nh6 20. h3 Nf5 21. Bf2 Nb4
22. Nxb4 Bxb4 23. Qd3 Bc5 24. Rd2 h6 25. Kh2 Qa4 26. g3 Qe4 27. Qb3 Bb4 28. Rdd1
Rc2 29. Kg1 Rxf2 30. Kxf2 Bc5+ 0-1

[Event "52nd Groningen Open"]
[Site "Groningen NED"]
[Date "2014.12.23"]
[Round "3.11"]
[White "Rakhmanov, Aleksandr"]
[Black "Beukema, Stefan"]
[Result "1-0"]
[WhiteTitle "GM"]
[BlackTitle "FM"]
[WhiteElo "2647"]
[BlackElo "2364"]
[WhiteFideId "4173708"]
[BlackFideId "1024523"]
[EventDate "2014.12.21"]

1. Nf3 f5 2. d3 d6 3. e4 e5 4. Nc3 Nf6 5. exf5 Bxf5 6. d4 e4 7. Nh4 Qd7 8. d5
Be7 9. Nxf5 Qxf5 10. h3 O-O 11. Be3 Nbd7 12. Nb5 c6 13. dxc6 bxc6 14. Nxd6 Qa5+
15. c3 Nd5 16. Nc4 Qc7 17. Qg4 Nc5 18. Be2 Nxe3 19. Nxe3 Rf4 20. Bc4+ Kh8 21.
Qe2 Nd3+ 22. Bxd3 exd3 23. Qxd3 Qe5 24. O-O Bd6 25. Rae1 Bc7 26. Ng4 Qg5 27. Qd7
Bb6 28. Re8+ Rf8 29. Rxa8 Rxa8 30. Qxc6 Rf8 31. Qd6 Bc5 32. Qe5 Rf5 33. Qe2 h5
34. Nh2 Bd6 35. Nf3 Qf4 36. Qd2 1-0

[Event "52nd Groningen Open"]
[Site "Groningen NED"]
[Date "2014.12.23"]
[Round "3.12"]
[White "L'Ami, Erwin"]
[Black "Berkovich, Mark A"]
[Result "1-0"]
[WhiteTitle "GM"]
[BlackTitle "IM"]
[WhiteElo "2613"]
[BlackElo "2362"]
[WhiteFideId "1007998"]
[BlackFideId "2801639"]
[EventDate "2014.12.21"]

1. d4 Nf6 2. c4 e6 3. Nf3 Bb4+ 4. Nbd2 O-O 5. a3 Be7 6. e4 d6 7. b3 e5 8. Bb2
exd4 9. Nxd4 Nc6 10. Nc2 Nd7 11. Ne3 Bf6 12. Bxf6 Nxf6 13. Bd3 Ne5 14. Bc2 Nfg4
15. Ndf1 Qh4 16. Qd2 Bd7 17. Nxg4 Nxg4 18. Ng3 f5 19. exf5 Rae8+ 20. Kf1 Kh8 21.
Re1 Rxe1+ 22. Qxe1 Qf6 23. h3 Nh6 24. Kg1 Nxf5 25. Bxf5 Bxf5 26. Qa5 Bg6 27.
Qxa7 h5 28. Qe3 Re8 29. Qd2 h4 30. Nf1 Qa1 31. Qg5 Re1 32. Kh2 Rxf1 33. Rxf1
Qxf1 34. Qxg6 Qxf2 35. Qe8+ Kh7 36. Qe4+ Kh8 37. Qf3 Qe1 38. Qf4 Qe7 39. b4 g5
40. Qd4+ Kh7 41. Qc3 c6 42. Qd3+ Kh6 43. Qf5 d5 44. cxd5 Qd6+ 45. Kg1 cxd5 46.
Qd3 d4 47. Kf1 b5 48. Qe4 Kg7 49. Ke2 Kf6 50. Kd3 Qg3+ 51. Kxd4 Qxa3 52. Kc5 Qa4
53. Kb6 1-0

[Event "52nd Groningen Open"]
[Site "Groningen NED"]
[Date "2014.12.23"]
[Round "3.13"]
[White "Alsina Leal, Daniel"]
[Black "Salov, Sergej"]
[Result "1-0"]
[WhiteTitle "GM"]
[BlackTitle "IM"]
[WhiteElo "2540"]
[BlackElo "2256"]
[WhiteFideId "2252627"]
[BlackFideId "4107926"]
[EventDate "2014.12.21"]

1. e4 c5 2. Nf3 e6 3. d4 cxd4 4. Nxd4 a6 5. c4 Nf6 6. Nc3 Bb4 7. Qd3 Qc7 8. a3
Bxc3+ 9. Qxc3 O-O 10. f3 d6 11. Be2 e5 12. Nc2 Be6 13. Bg5 Nbd7 14. Ne3 Rac8 15.
Qd2 b5 16. Nd5 Bxd5 17. cxd5 h6 18. Be3 Nc5 19. Rc1 Qb7 20. Qb4 Qe7 21. O-O Nfd7
22. Qe1 Nb6 23. Qg3 Kh8 24. Qh3 Qd7 25. Qxd7 Nbxd7 26. b4 Na4 27. Rc6 Rxc6 28.
dxc6 Nf6 29. Rc1 Rc8 30. c7 d5 31. Rc6 d4 32. Bd2 Nc3 33. Bxc3 dxc3 34. Rxc3 Ne8
35. Rc6 1-0

[Event "52nd Groningen Open"]
[Site "Groningen NED"]
[Date "2014.12.23"]
[Round "3.14"]
[White "Popilski, Gil"]
[Black "Van Foreest, Lucas"]
[Result "1-0"]
[WhiteTitle "GM"]
[WhiteElo "2522"]
[BlackElo "2319"]
[WhiteFideId "2809060"]
[BlackFideId "1039792"]
[EventDate "2014.12.21"]

1. d4 Nf6 2. c4 e6 3. Nf3 b6 4. g3 Bb7 5. Bg2 Be7 6. Nc3 O-O 7. Qc2 d5 8. cxd5
Nxd5 9. O-O Nd7 10. e4 N5f6 11. Rd1 h6 12. Bf4 Bb4 13. Ne5 Bxc3 14. bxc3 Nxe5
15. Bxe5 Nd7 16. Bf4 e5 17. dxe5 Qe7 18. e6 Qxe6 19. Bxc7 Nf6 20. Rd4 Rac8 21.
Bd6 Rfd8 22. Rad1 Rc4 23. Be5 Rdxd4 24. Rxd4 Nd7 25. Bf4 g5 26. Be3 g4 27. Rxc4
Qxc4 28. Qd2 Qe6 29. Bxh6 Ne5 30. Qg5+ Ng6 31. Qf5 Ne5 32. Qxe6 fxe6 33. h3 Nf3+
34. Bxf3 gxf3 35. e5 Kf7 36. g4 Bd5 37. a3 b5 38. h4 Kg6 39. Be3 a5 40. h5+ Kg7
41. Kh2 a4 42. Kg3 Be4 43. g5 Bc2 44. g6 Bb3 45. Kg4 Bc2 46. Kg5 Bb1 47. Bc5 Bc2
48. h6+ Kh8 49. Be7 1-0

[Event "52nd Groningen Open"]
[Site "Groningen NED"]
[Date "2014.12.23"]
[Round "3.15"]
[White "Lobzhanidze, Davit"]
[Black "Dijkstra, Arjan"]
[Result "1-0"]
[WhiteTitle "IM"]
[WhiteElo "2433"]
[BlackElo "2029"]
[WhiteFideId "13600796"]
[BlackFideId "1021389"]
[EventDate "2014.12.21"]

1. e4 c6 2. d4 d5 3. e5 Bf5 4. Nd2 e6 5. Nb3 Nd7 6. Nf3 h5 7. Be2 Nh6 8. O-O Be7
9. a4 g5 10. a5 Bg6 11. Ne1 f6 12. exf6 Bxf6 13. Bxh5 Bxh5 14. Qxh5+ Nf7 15. Qe2
Qe7 16. Nd3 O-O-O 17. Re1 Rde8 18. h3 Rh4 19. f3 Nh6 20. Be3 Nf5 21. c3 Nxe3 22.
Qxe3 Qg7 23. Nf2 Bd8 24. Ng4 Bc7 25. Nc5 Nxc5 26. dxc5 Bf4 27. Qd3 Qe7 28. b4 a6
29. Re2 Bb8 30. Rae1 Qc7 31. Qg6 Re7 32. Rxe6 Rhh7 33. Rxe7 Rxe7 34. Qf5+ Kd8
35. Qf8+ Kd7 36. Nf6# 1-0

[Event "52nd Groningen Open"]
[Site "Groningen NED"]
[Date "2014.12.23"]
[Round "3.16"]
[White "Beerdsen, Thomas"]
[Black "Baghdasaryan, Vahe"]
[Result "0-1"]
[WhiteTitle "FM"]
[BlackTitle "IM"]
[WhiteElo "2314"]
[BlackElo "2368"]
[WhiteFideId "1030108"]
[BlackFideId "13303139"]
[EventDate "2014.12.21"]

1. e4 c5 2. Nf3 d6 3. d4 cxd4 4. Nxd4 Nf6 5. Nc3 Nc6 6. Bg5 Bd7 7. f3 Rc8 8. Qd2
a6 9. O-O-O Nxd4 10. Qxd4 Qa5 11. h4 e5 12. Qe3 Be6 13. Bxf6 gxf6 14. a3 Rc5 15.
Kb1 Qc7 16. g4 Be7 17. Rd2 Qc6 18. Be2 b5 19. Rhd1 h5 20. f4 exf4 21. Qxf4 Rxc3
22. bxc3 hxg4 23. Rxd6 Bxd6 24. Rxd6 Qxc3 25. Rd3 Qe5 26. Qf2 Bc4 27. Rd2 Bxe2
28. Rxe2 g3 29. Qa7 Rxh4 30. Qg1 f5 31. Rd2 Rxe4 32. Rd1 Kf8 33. Qh1 Ke7 34. Qg1
Re3 35. Qh1 Qe4 36. Qh8 Rb3+ 37. Ka1 Rxa3+ 38. Kb2 Ra2+ 39. Kxa2 Qxc2+ 40. Ka3
Qa4+ 41. Kb2 Qxd1 42. Qe5+ Kd8 43. Qxg3 Qd4+ 44. Kb1 Kd7 45. Qb8 Qd3+ 46. Ka1
Qd6 47. Qb7+ Ke6 48. Qc8+ Kd5 49. Ka2 Ke4 50. Ka1 f4 51. Qc2+ Qd3 52. Qg2+ f3
53. Qg4+ Ke3 54. Qg5+ Ke2 55. Qe5+ Kf1 56. Qh5 f2 57. Qxf7 Ke1 58. Qe6+ Qe2 0-1

[Event "52nd Groningen Open"]
[Site "Groningen NED"]
[Date "2014.12.23"]
[Round "3.17"]
[White "Schoppen, Casper"]
[Black "Hovhannisyan, Mher"]
[Result "0-1"]
[BlackTitle "IM"]
[WhiteElo "1927"]
[BlackElo "2511"]
[WhiteFideId "1046730"]
[BlackFideId "13300865"]
[EventDate "2014.12.21"]

1. Nf3 d5 2. g3 c5 3. Bg2 Nc6 4. d3 Nf6 5. O-O e6 6. Nbd2 Be7 7. e4 b6 8. e5 Nd7
9. Re1 Qc7 10. Qe2 Bb7 11. Nf1 h6 12. h4 O-O-O 13. h5 Rdg8 14. N1h2 g6 15. hxg6
Rxg6 16. Bf4 h5 17. c3 h4 18. Nxh4 Bxh4 19. gxh4 Rxh4 20. Bg3 Rh7 21. Ng4 Qd8
22. Nf6 Nxf6 23. exf6 Qxf6 24. Rac1 Ne7 25. d4 Nf5 26. Qf3 Rhg7 27. Kh2 Nxg3 28.
Qxf6 Rxf6 29. fxg3 Rh6+ 30. Kg1 Rxg3 31. Kf2 Rg5 32. Re3 Kd7 33. b4 Kd6 34. Rf3
f6 35. bxc5+ bxc5 36. Rb1 Bc6 37. Rb8 Rh2 38. Rg3 Rxg3 39. Kxg3 Rh7 40. Rd8+ Rd7
41. Rf8 Rg7+ 42. Kf2 cxd4 43. cxd4 Rg4 44. Rxf6 Rxd4 45. Bh3 Bd7 0-1

[Event "52nd Groningen Open"]
[Site "Groningen NED"]
[Date "2014.12.23"]
[Round "3.18"]
[White "Dobrov, Vladimir"]
[Black "Offringa, Joost"]
[Result "1-0"]
[WhiteTitle "GM"]
[WhiteElo "2495"]
[BlackElo "2226"]
[WhiteFideId "4136594"]
[BlackFideId "1025880"]
[EventDate "2014.12.21"]

1. d4 f5 2. g3 g6 3. h4 Nf6 4. h5 gxh5 5. Rxh5 Nxh5 6. e4 Bg7 7. Qxh5+ Kf8 8.
Bh6 e6 9. Nc3 Qf6 10. Be3 d6 11. O-O-O Bd7 12. exf5 Qxf5 13. Qh1 Nc6 14. Bd3 Qa5
15. Nh3 Nxd4 16. Nf4 Nf5 17. Bd2 Re8 18. g4 Ne7 19. Nh5 Bc6 20. Qh2 Ng6 21. Nxg7
Kxg7 22. Qh6+ Kf7 23. f4 Bf3 24. Rf1 Bxg4 25. f5 Bxf5 26. Rxf5+ exf5 27. Bc4+ d5
28. Bxd5+ Re6 29. Qh5 Qa6 30. Qxf5+ Ke7 31. Ne4 Rf8 32. Bg5+ Ref6 33. Bxb7 Qb6
34. Nxf6 Rxf6 35. Be4 Qg1+ 36. Kd2 Qh2+ 37. Kc3 Qg3+ 38. Kc4 Ne5+ 39. Kb5 a6+
40. Ka5 Nd7 41. Bc6 Qe1+ 42. b4 Qe5+ 43. Qxe5+ Nxe5 44. Bxf6+ Kxf6 45. a4 1-0

[Event "52nd Groningen Open"]
[Site "Groningen NED"]
[Date "2014.12.23"]
[Round "3.19"]
[White "Klekowski, Maciej"]
[Black "Ypma, Peter"]
[Result "1-0"]
[WhiteElo "2418"]
[BlackElo "2223"]
[WhiteFideId "1132717"]
[BlackFideId "1027255"]
[EventDate "2014.12.21"]

1. d4 d5 2. c4 c6 3. Nf3 e6 4. Qc2 dxc4 5. Qxc4 Nf6 6. g3 Be7 7. Bg2 O-O 8. O-O
b5 9. Qc2 Bb7 10. Bg5 Nbd7 11. Nc3 h6 12. Bf4 Qb6 13. a4 b4 14. a5 Qa6 15. Na4
Qxa5 16. Nd2 Qb5 17. Nc4 c5 18. Bxb7 Qxb7 19. Bd6 b3 20. Qc1 Bxd6 21. Nxd6 Qc6
22. dxc5 Rab8 23. Qc3 Nd5 24. Qa5 Nb4 25. Rad1 Nc2 26. Ne4 Rb5 27. Qd2 Rb7 28.
Qd6 Qxa4 29. Nc3 Qc4 30. c6 Rb6 31. Qxd7 Qxc6 32. Qxa7 Qb7 33. Qa5 Ra6 34. Qe5
Rfa8 35. h4 Ra5 36. Qf4 Ra2 37. Qc1 R2a5 38. Qf4 Rc8 39. Rd3 Nb4 40. Rd2 Nd5 41.
Qe4 Qb4 42. Qxb4 Nxb4 43. Rfd1 Na2 44. Rd8+ Rxd8 45. Rxd8+ Kh7 46. Rc8 Kg6 47.
Kf1 Ra7 48. Ke1 Rb7 49. Ne4 Nb4 50. Kd2 Nd5 51. Nc5 Rb5 52. Nd3 Rb7 53. Rc4 f5
54. Nf4+ Kf6 55. Nxd5+ exd5 56. Rc6+ Ke5 57. Ke3 d4+ 58. Kd3 f4 59. Rc5+ Kd6 60.
Rc4 fxg3 61. fxg3 Ke5 62. Rxd4 h5 63. Re4+ Kf5 64. Rf4+ Ke5 65. Ra4 Kf5 66. Ke3
Rb5 67. Kf3 Rb6 68. Ra5+ Kg6 69. Rg5+ Kh6 70. e4 g6 71. Ke3 Kg7 72. Rc5 Kf6 73.
Kd4 Rb4+ 74. Rc4 Rb6 75. Kd5 Rb8 76. e5+ Ke7 77. Rc7+ Kf8 78. Kd6 Rb6+ 79. Rc6
Rb4 80. Ke6 1-0

[Event "52nd Groningen Open"]
[Site "Groningen NED"]
[Date "2014.12.23"]
[Round "3.20"]
[White "Hulshof, Peter"]
[Black "Bulmaga, Irina"]
[Result "0-1"]
[BlackTitle "IM"]
[WhiteElo "2178"]
[BlackElo "2392"]
[WhiteFideId "1003291"]
[BlackFideId "13903063"]
[EventDate "2014.12.21"]

1. e4 c6 2. d4 d5 3. e5 Bf5 4. Nf3 e6 5. Be2 Ne7 6. c3 h6 7. O-O Nd7 8. Be3 Bh7
9. Nbd2 Nf5 10. Re1 Be7 11. Nf1 O-O 12. Ng3 c5 13. Nxf5 Bxf5 14. dxc5 Bxc5 15.
Bxc5 Nxc5 16. Nd4 Bg6 17. Nb3 Na4 18. Qd2 Qb6 19. Rad1 Rac8 20. Qc1 f6 21. Rd4
Nxb2 22. Qxb2 fxe5 23. Rdd1 Rxf2 24. Kh1 Be4 25. Rg1 Qe3 26. Rd2 Rcf8 27. Bf3
R8xf3 0-1

[Event "52nd Groningen Open"]
[Site "Groningen NED"]
[Date "2014.12.23"]
[Round "3.21"]
[White "Senders, Mischa"]
[Black "Vos, Tjark"]
[Result "0-1"]
[WhiteTitle "FM"]
[WhiteElo "2380"]
[BlackElo "2173"]
[WhiteFideId "1038370"]
[BlackFideId "1020870"]
[EventDate "2014.12.21"]

1. e4 c6 2. d4 d5 3. Nc3 dxe4 4. Nxe4 Nd7 5. Nf3 Ngf6 6. Ng3 e6 7. Bc4 Bd6 8.
O-O O-O 9. Qe2 Qc7 10. Re1 c5 11. dxc5 Bxc5 12. Ne4 Nxe4 13. Qxe4 Re8 14. Bd3
Nf8 15. Ng5 Ng6 16. h4 f5 17. Qf3 Ne5 18. Rxe5 Qxe5 19. Qh5 Bd7 20. Qxh7+ Kf8
21. Bd2 Qf6 22. Qh5 Ke7 23. Ne4 Qe5 24. Bg5+ Kf8 25. Nxc5 Qxc5 26. Qg6 Kg8 27.
h5 Qf8 28. h6 Rac8 29. Re1 e5 30. hxg7 Qf7 31. Qh6 Qxg7 32. Qh4 e4 33. Bf6 Qg6
34. Re3 Kf7 35. Bd4 exd3 36. Rg3 Re4 37. f4 dxc2 38. Rxg6 c1=Q+ 39. Kh2 Qxf4+ 0-1

[Event "52nd Groningen Open"]
[Site "Groningen NED"]
[Date "2014.12.23"]
[Round "3.22"]
[White "Ratsma, Rosa"]
[Black "Kevlishvili, Robby"]
[Result "1/2-1/2"]
[BlackTitle "FM"]
[WhiteElo "2165"]
[BlackElo "2366"]
[WhiteFideId "1033662"]
[BlackFideId "1040634"]
[EventDate "2014.12.21"]

1. e4 c5 2. Nf3 d6 3. Bb5+ Bd7 4. Bxd7+ Qxd7 5. O-O Nc6 6. c3 Nf6 7. Re1 e6 8.
d4 cxd4 9. cxd4 d5 10. e5 Ne4 11. Nbd2 Nxd2 12. Bxd2 Be7 13. Rc1 O-O 14. a3 Rfc8
15. Rc3 Bd8 16. h4 Ne7 17. g4 Rxc3 18. Bxc3 Ng6 19. h5 Nf8 20. Re3 h6 21. Qf1
Nh7 22. Nd2 Be7 23. f4 Rf8 24. Qg2 f5 25. Rg3 Bh4 26. Rh3 Bd8 27. Nf3 fxg4 28.
Qxg4 Rf5 29. Ne1 Ng5 30. Rh2 Qf7 31. Bd2 Ne4 32. Be3 Kh7 33. Nf3 a5 34. Rc2 Qxh5
35. Qxh5 Rxh5 36. Rc8 Rh3 37. Rxd8 Rxf3 38. Bc1 Rd3 39. Kg2 Kg6 40. Rd7 Rg3+ 41.
Kh2 b5 42. Re7 Kf5 43. Rf7+ Kg4 44. f5 exf5 45. Rxg7+ Kf3 46. Rxg3+ Nxg3 47.
Bxh6 f4 48. e6 Nf5 49. Bg5 Nd6 50. e7 Ne8 51. Kg1 a4 52. Kf1 Ke4 53. Ke1 Ke3 54.
Bh6 Kf3 55. Kf1 Kg3 56. Ke2 Nd6 57. Kf1 Kf3 58. Ke1 1/2-1/2

[Event "52nd Groningen Open"]
[Site "Groningen NED"]
[Date "2014.12.23"]
[Round "3.23"]
[White "Burcu, Cagatay"]
[Black "Chu, Wei Chao"]
[Result "1/2-1/2"]
[BlackTitle "IM"]
[WhiteElo "2149"]
[BlackElo "2361"]
[WhiteFideId "6310630"]
[BlackFideId "8605661"]
[EventDate "2014.12.21"]

1. d4 g6 2. Nf3 Bg7 3. c4 d6 4. g3 Nf6 5. Bg2 O-O 6. O-O Nc6 7. Nc3 a6 8. Bf4
Rb8 9. Rc1 Bd7 10. Qd2 b5 11. Nd5 Re8 12. cxb5 axb5 13. Nxf6+ Bxf6 14. d5 Na7
15. Be3 Nc8 16. Nd4 e6 17. dxe6 fxe6 18. Nc6 Bxc6 19. Bxc6 Rf8 20. b3 Ne7 21.
Ba7 Nxc6 22. Rxc6 Ra8 23. Be3 Qb8 24. Rfc1 Rf7 25. R1c2 b4 26. Bd4 Bxd4 27. Qxd4
Qa7 28. Qxa7 Rxa7 29. Kf1 Kf8 30. e4 e5 31. Ke2 Ke8 32. Ke3 g5 33. g4 Kd7 34. f3
Rf6 35. Kf2 Rf8 36. Kg3 h6 37. R6c4 c5 38. Rd2 Kc6 39. Rc1 Rf6 40. Rh1 c4 41.
bxc4 Ra3 42. Rf1 Kc5 43. Kg2 Kxc4 44. Rb2 Rf4 45. h3 d5 46. exd5 Kxd5 47. Re2
Rd4 48. Rfe1 Kd6 49. Rb1 Rf4 50. Rd1+ Rd4 51. Rb1 Rad3 52. Kf2 Rc4 53. Re3 Rc2+
54. Re2 Rcc3 55. Rxb4 Rxf3+ 56. Ke1 Rc1+ 57. Kd2 Rc5 58. Rb6+ Kd5 59. Rxh6 e4
60. Rh8 Rd3+ 61. Ke1 e3 62. Kf1 Ke4 63. Kg2 Re5 64. Rb8 Rd2 65. Rb4+ Kd3 66. Kf3
Rxe2 67. Rb3+ Kd2 68. Rb2+ Kd3 69. Rb3+ Kd2 1/2-1/2

[Event "52nd Groningen Open"]
[Site "Groningen NED"]
[Date "2014.12.23"]
[Round "3.24"]
[White "Pijpers, Arthur"]
[Black "Bar, Aviv"]
[Result "1-0"]
[WhiteElo "2355"]
[BlackElo "2142"]
[WhiteFideId "1019554"]
[BlackFideId "2806339"]
[EventDate "2014.12.21"]

1. e4 c5 2. Nf3 d6 3. d4 cxd4 4. Nxd4 Nf6 5. Nc3 a6 6. Bg5 Nbd7 7. f4 Qc7 8. Qf3
b5 9. O-O-O Bb7 10. Bd3 e5 11. Nf5 h6 12. Bxf6 Nxf6 13. Bxb5+ axb5 14. Nxb5 Qd7
15. Nbxd6+ Bxd6 16. Nxd6+ Kf8 17. a3 exf4 18. Qxf4 Ba6 19. e5 Qg4 20. Rd4 Qxf4+
21. Rxf4 Ne8 22. Nxf7 g5 23. Rf2 Kg7 24. Nxh8 Kxh8 25. Rd1 Kg7 26. Rd7+ Kg6 27.
Rf8 1-0

[Event "52nd Groningen Open"]
[Site "Groningen NED"]
[Date "2014.12.23"]
[Round "3.25"]
[White "Edeling, Jeroen"]
[Black "Hoeksema, Hendrik Pieter"]
[Result "0-1"]
[BlackTitle "IM"]
[WhiteElo "2142"]
[BlackElo "2342"]
[WhiteFideId "1010514"]
[BlackFideId "1000454"]
[EventDate "2014.12.21"]

1. e4 c5 2. Nf3 d6 3. d4 cxd4 4. Nxd4 Nf6 5. Nc3 a6 6. Bg5 Nc6 7. Bxf6 gxf6 8.
Nb3 e6 9. Be2 b5 10. a3 Bb7 11. O-O Be7 12. Kh1 Qb6 13. f4 O-O-O 14. Rf3 Kb8 15.
Rd3 Rhg8 16. Bf3 Qf2 17. Rd2 Qe3 18. Ne2 Rc8 19. Qg1 Qxg1+ 20. Kxg1 Kc7 21. Rad1
Kb6 22. c3 Nb8 23. Ned4 Nd7 24. Kf2 Rc4 25. Re2 a5 26. f5 Nf8 27. Nd2 Rc5 28.
Bh5 Rg7 29. Bf3 a4 30. Nf1 Re5 31. Rc1 Nd7 32. c4 Nc5 33. Rc3 Bxe4 34. Ng3 Bd3
35. Rd2 bxc4 36. Nc6 exf5 37. Nxe5 fxe5 38. Bd5 f4 0-1

[Event "52nd Groningen Open"]
[Site "Groningen NED"]
[Date "2014.12.23"]
[Round "3.26"]
[White "Brzeski, Maciej"]
[Black "Al-Hajiri, Bader"]
[Result "1-0"]
[BlackTitle "CM"]
[WhiteElo "2332"]
[BlackElo "2139"]
[WhiteFideId "1121537"]
[BlackFideId "10300163"]
[EventDate "2014.12.21"]

1. e4 c6 2. Nc3 d5 3. Nf3 Bg4 4. h3 Bxf3 5. Qxf3 e6 6. d4 Nf6 7. Bd3 dxe4 8.
Nxe4 Be7 9. c3 Nbd7 10. Bf4 Nxe4 11. Qxe4 Nf6 12. Qe2 Qd5 13. O-O O-O 14. Be5
Rfd8 15. f4 g6 16. g4 c5 17. f5 cxd4 18. cxd4 Ne8 19. fxe6 f6 20. Bc4 Qc6 21.
Bb5 Qb6 22. Bg3 Qxd4+ 23. Bf2 Qf4 24. Bd7 Bd6 25. Be1 Qd4+ 26. Kh1 Qe5 27. Qg2
Rab8 28. Bc3 Qg5 29. Rad1 Be5 30. e7 1-0